000 00966nac a22002291u 4500
010 _a 2006620092
020 _a0131881205
082 0 4 _a657.3
_bHIR
090 _c9466
_d9466
100 _aHirst, D. Eric,
245 1 0 _aCases in financial reporting :
_ban integrated approach with an emphasis on earnings and persistence /
_cD. Eric Hirst, Mary Lea McAnally.
250 _a5th ed.
260 _aUpper Saddle River, N.J. :
_bPearson/Prentice Hall,2006
_cc2006.
300 _a1 v. (various pagings) :
_bill. ;
_c28 cm.
500 _adistributer: Al-Ahram
511 _acatalogued by: wessam
650 0 _aFinancial statements
_vCase studies.
650 0 _aCorporations
_xAccounting
_vCase studies.
700 1 _aMcAnally, Mary Lea.
856 4 1 _3Table of contents only
_uhttp://www.loc.gov/catdir/toc/fy0701/2006620092.html
942 _cBB
_k657.3HIR
999 _c9466
_d9466